000 00633nam a22001697a 4500
003 OSt
005 20171010095439.0
008 120607t xxu||||| |||| 00| 0 eng d
040 _aMMSU
_cULS
100 _aLacuesta, Malumae B., Arizabal, Love-lyn I.
_910090
245 _aWeb-based instructional learning package for cmpSc III Computer Programming I
_cMalumae B. Lacuesta, Love-lyn I. Arizabal
260 _c2007
300 _aix, [86] leaves
_c28 cm.
500 _aThesis (BS Computer Science) -- Mariano Marcos State University-College of Arts and Sciences, Batac City
504 _aBibliography: none
942 _2ddc
_cTHEDIS
999 _c9537
_d9537